El libro de las virtudes para jóvenes
Saved in:
| Hovedforfatter: | |
|---|---|
| Format: | Bog |
| Sprog: | spansk |
| Udgivet: |
Barcelona
B
2001
|
| Fag: | |
| Tags: |
Tilføj Tag
Ingen Tags, Vær først til at tagge denne postø!
|
MARC
| LEADER | 00000nam a2200000 a 4500 | ||
|---|---|---|---|
| 001 | UCL1628 | ||
| 003 | CL-VaPUC | ||
| 008 | 030911e20010000SP |||||||||||||||||spa|d | ||
| 020 | |a 8466606467 | ||
| 082 | 0 | 4 | |a 808.068 |b BEN |2 21 |
| 100 | 0 | |a Bennett, William J |e author |9 478504 | |
| 245 | 1 | 3 | |a El libro de las virtudes para jóvenes |
| 300 | |a 390 p | ||
| 942 | |c BK | ||
| 945 | |d 20030911 00:00:00 |a cmena | ||
| 260 | |a Barcelona |b B |c 2001 | ||
| 650 | 0 | |a Literatura juvenil |9 309909 | |
| 650 | 0 | |a Antologías |9 309836 | |
| 650 | 7 | |a RECOPILACIONES, REPERTORIOS, ETC |2 CL-VaPUC |9 403392 | |
| 650 | 0 | |a Virtud y vicio |9 310637 | |
| 583 | |a last modification |c 20170612 04:58:55 |k Rodrigo Vera | ||
| 999 | |c 305122 |d 305120 | ||
| 952 | |0 0 |1 0 |4 0 |6 808_068000000000000_BEN_2001 |7 0 |8 A |9 368107 |a BIBEDU |b BIBEDU |d 2019-11-21 |i 3937089 |o 808.068 BEN 2001 |p 3937089 |r 2019-11-21 |w 2019-11-21 |y BK |k EPE | ||